Statistics for -The Farcry Villains Quiz-

Click here to take the quiz!

General Stats

  • This quiz has been taken 12 times
  • The average score is 4 of 11

Answer Stats

Answer% Correct
Joseph Seed
100%
Vaas Montenegro
75%
Antón Castillo
58%
Pagan Min
58%
Citra
25%
Hoyt Volker
25%
Jackal
25%
Batari
17%
Yuma
17%
Mickey and Lou
8%
Ull
8%

Score Distribution

Percentile by Number Answered

Percent of People with Each Score

Your Score History

You have not taken this quiz